La province de Bourgogne de A à Z - Statistiques

Statistiques générales
  • Ce quiz a été pris 15 fois
  • Le résultat moyen est 7 sur 26
Statistiques - réponses
Lettre Question Réponse % Correct
B Peuple germanique qui a donné son nom à la Bourgogne Burgondes
69%
H Bâtiments construits à Beaune au XVe siècle, lieu d'une célèbre vente Hospices
69%
C Dernier duc de la Grande Bourgogne, devenue plus puissante que le roi de France (nom et surnom) Charles le Téméraire
62%
K Chanoine, maire de Dijon qui a popularisé un apéritif à base de Chablis (prénom et nom) Félix Kir
62%
P Tour dijonnaise portant le nom d'un duc de Bourgogne. Lequel ? (prénom et surnom) Philippe le Bon
54%
Y Un des départements correspondant à l'ancien duché de Bourgogne Yonne
54%
F L'ancien comté de Bourgogne est connu aujourd'hui sous le nom de Franche-Comté
46%
E Peuple celte installé dans le Morvan Eduens
38%
J Tour parisienne portant le nom d'un duc de Bourgogne. Lequel ? (prénom et surnom) Jean sans Peur
38%
S Un ancien président de la République grimpait chaque année cette roche Solutré
31%
T Ville de Saône-et-Loire traversée par la via agrippa au nom encore terminé en US Tournus
31%
V Le cratère trouvé dans une tombe de cette commune pèse plus de 200 kg Vix
23%
I Dans cette commune de la Nièvre, une forge est en activité depuis 1587 Imphy
15%
R Fondateur de ce qui est devenu l'hôpital de Beaune (prénom et nom) Nicolas Rolin
15%
Q Commune dans laquelle ont été trouvés plus de 2000 sarcophages Quarré-les-Tombes
15%
A Lieu de signature du traité qui incorpore la Bourgogne au domaine royal Arras
8%
D César a écrit ce livre à Bibracte (3 mots latins) De bello gallico
8%
U Archevêque de Paris depuis 2022 né à Dijon en 1951 (prénom et nom) Laurent Ulrich
8%
L Andemantunnum était la capitale des Lingons
8%
N Jusqu'au Ve siècle se trouvait près de ce village connu dans le monde entier une ville prospère dont on a oublié jusqu'au nom Nuits-Saint-Georges
8%
X Fondatrice de la Compagnie de Ste Ursule née à Dijon en 1567 (prénom et nom) Anne de Xainctonge
0%
G Code de lois édicté au VIe siècle par le roi Gondebaud. Loi... Gombette
0%
M Avec René Joffroy, il a trouvé la sépulture d'une princesse en Côte d'or Maurice Moisson
0%
O 5e abbé de Cluny de 994 à 1048 (prénom et surnom) Odilon de Mercoeur | Odilon de Cluny
0%
W Maire du palais de Bourgogne qui livre la reine Brunehilde à Clotaire II Warnachaire
0%
Z Ville des Pays-Bas possession des ducs de Bourgogne à partir de 1472 Zutphen
0%
Aucun quiz correspondant
Distribution des résultats
% des personnes avec chaque résultat
Percentile par nombre de réponses
Votre historique - résultats
Vous n’avez pas pris ce quiz